| 000 | 00757cam a2200301 4500 | ||
|---|---|---|---|
| 001 | X128771 | ||
| 008 | 050214n2005 000 0 eng u | ||
| 035 | _a(Sirsi) u128771 | ||
| 245 | _aFocus 1: Bedfordshire and Hertfordshire | ||
| 260 | _c2005 | ||
| 490 |
_aEstates Gazette _v(10504) 29 January 2005, 91-111(10) |
||
| 650 | _aBEDFORDSHIRE | ||
| 650 | _aHERTFORDSHIRE | ||
| 650 | _aRETAIL | ||
| 650 | _aOFFICE | ||
| 650 | _aINDUSTRIAL | ||
| 650 | _aWATFORD | ||
| 650 | _aLUTON | ||
| 650 | _aHEMEL HEMPSTEAD | ||
| 650 | _aST ALBANS | ||
| 650 | _aRENTS | ||
| 650 | _aREGENERATION | ||
| 650 | _aHOSPITALS | ||
| 650 | _aDUNSTABLE | ||
| 650 | _aSHEDS | ||
| 690 | _aPROPERTY-COMMERCIAL PROPERTY-COMMERCIAL PROPERTY MARKET | ||
| 942 | _n0 | ||
| 999 |
_c74793 _d74793 |
||